000
00293nam a22001337a 4500
008
170616b xxu||||| |||| 00| 0 eng d
020
_a
9780321129352
041
_a
eng
080
_a
32
100
_a
20
101
_a
shp
245
_a
GLOBAL ISLAMIC POLITICS
_c
HUSAIN, M.Z
942
_2
udc
_c
BK
999
_c
17948
_d
17948